000 01098cam a2200313 4500
999 _c128383
_d128383
001 773629
003 ARRUPE
005 20181012121722.0
008 730130s1972 sa b 001 0 eng
010 _a 72170935
015 _aSANB***
020 _a0869750046
040 _aDLC
_cDLC
_dDLC
043 _af-sa---
050 0 0 _aHC517.S7
_bS85
082 0 0 _a309.1/68/06
110 2 _aStudy Project on Christianity in Apartheid Society.
_bEconomics Commission.
_942934
245 1 0 _aPower, privilege and poverty.
_cGeneral editor: Peter Randall.
_breport of the Spro-cas Economics Commission
260 _aJohannesburg,
_c1972.
_bSPRO_CAS Publication
300 _a127 p.
_c23 cm.
490 1 _aSPRO-CAS publication
_vno. 7
504 _aIncludes bibliographical references.
651 0 _aSouth Africa
_xEconomic conditions.
_921702
651 0 _aSouth Africa
_xSocial conditions
_y1961-1994.
_942935
651 0 _aSouth Africa
_xRace relations.
_942936
700 1 _aRandall, Peter,
_d1935-
_eed.
_942937
810 2 _aStudy Project on Christianity in Apartheid Society.
_tSPRO-CAS publication
_vno. 7.
_942938
906 _a7
_bcbc
_corignew
_d3
_encip
_f19
_gy-gencatlg
942 _2lcc
_cMONOGRAPH